Economic growth through human resource development: an empirical study of Delhi (Record no. 13056)

MARC details
000 -LEADER
fixed length control field 00553nam a2200181Ia 4500
082 ## - DEWEY DECIMAL CLASSIFICATION NUMBER
Classification number TJ.0226
100 ## - MAIN ENTRY--AUTHOR NAME
Personal name Jain, Satish Chand
245 #0 - TITLE STATEMENT
Title Economic growth through human resource development: an empirical study of Delhi
260 ## - PUBLICATION, DISTRIBUTION, ETC. (IMPRINT)
Year of publication 2006
Name of publisher Chaudhary Charan Singh University, Meerut
300 ## - PHYSICAL DESCRIPTION
Number of Pages 331
504 ## - BIBLIOGRAPHY, ETC. NOTE
Bibliography, etc includes bibliography
650 ## - SUBJECT ADDED ENTRY--TOPICAL TERM
Topical Term Delhi
Form subdivision Economic conditions
650 ## - SUBJECT ADDED ENTRY--TOPICAL TERM
Topical Term Economic development
Form subdivision DelhiX
650 ## - SUBJECT ADDED ENTRY--TOPICAL TERM
Topical Term Social development
Form subdivision Delhi
650 ## - SUBJECT ADDED ENTRY--TOPICAL TERM
Topical Term Manpower policy
Form subdivision Delhi
710 ## - ADDED ENTRY--CORPORATE NAME
Corporate name or jurisdiction name as entry element Gupta, S.K.
942 ## - ADDED ENTRY ELEMENTS (KOHA)
Koha item type Thesis
Source of classification or shelving scheme Dewey Decimal Classification
Holdings
Withdrawn status Lost status Damaged status Not for loan Home library Current library Date acquired Source of acquisition Bill Date Full call number Accession Number Price effective from Koha item type
        NASSDOC Library NASSDOC Library 23/04/2008 AUTH 2008-03-28 TJ.0226 44269 18/04/2019 Thesis